01630nam a2200241Ia 4500001000600000003000900006008004100015040001300056040001300069041001200082100001100094100002900105245006900134245006900203250001100272260001800283260002600301260004900327300005700376500088700433650003701320650003101357D1108IT-RoPAU130308s9999 xx 000 0 und d aIT-RoPAU cIT-RoPAU aINGLESE aAA.VV. gCodice Aut. SPICS: 12000 aEncyclopaedia Britannica-1995-Yearbook of science and the Future bEncyclopaedia Britannica-1995-Yearbook Of Science And The Future a1a ed. aCHICAGO (USA) bUniversity Of Chicago c1994 [1° Ed.:1994 - Ed.Ling.Originale:1994] a"512 p. (prefazione: no ; testo: 512 [pagine: 0-0])" aEnciclopedia Britannica: Libro dell'anno con Articoli della Scienza e del Futuro. Nuovi Sommergibili per Lo Studio Subacqueo. Mondo delle Scogliere. raggi gamma e Studio del Cosmo. Arte, Scienza e via rinascimentale del Sapere. Novità nel Campo dell'Informatica. rinascita di veicoli Elettrici. Adozione del Meglio Dalla Natura. Animali che si Curano da Solo. Materia: Sue Proprietà, Situazione, Varietà e Ambiente. Plasma. Fenomeni di Alta e Bassa Pressione. Anno Scientifico 1994: Articoli di Antropologia, Scienze Umane, Elettronica, Ambiente, Medicina, Fisica, Psicologia. Scienziari dell'Anno: premi Nobel per la Chimnica, Fisica, Medicina. Personalità Defunte nell'Anno. Estratto da Charles Darwin On The Origin Od Species By Means Of Natural Selection: sopravvivenza del Piu' Forte, selezione Sessuale. istituzioni Scientifiche: Csiro: Australia'S Science Powerhouse. aENCICLOPEDIE DI CULTURA GENERALE eCodice materia Spics: 1001